000 00497nam a22001457a 4500
020 _a978-0-439-30608-9
082 _a823
_bABB/C
100 _aABBOTT, TONY
245 _aTHE SECRETS OF DROON
_bTHE MOON SCROLI
260 _aNEW YORK
_bSCHOLASTIC
_c2016
300 _a129
520 _aA hidden door. A magical staircase. Discover the world of Droon! Galen's in trouble! He's disappeared into the evil land of Goll, and it's up to Eric, ...
650 _aADVENTURE STORY
_zUNITED STATES
942 _cBK
999 _c6088
_d6088